[Event "Autumn Cup"]
[Site "Wellington Chess Club"]
[Date "2022.05.26"]
[Round "2.2"]
[White "Symon, Christopher"]
[Black "Malcolm, Leo"]
[Result "0-1"]
[WhiteElo "1888"]
[BlackElo "1800"]

1. Nf3 d5 2. c4 d4 3. d3 c5 4. g3 Nc6 5. Bg2 e5 6. O-O h5 7. Re1 Bd6 8. e3 h4
9. Nxh4 Rxh4 10. gxh4 Qxh4 11. exd4 Nf6 12. dxe5 Nxe5 13. f4 Ng4 14. fxe5 Qxh2+
15. Kf1 Bxe5 16. Qf3 Be6 17. Qxb7 Rd8 18. Qc6+ Kf8 19. Nd2 Qf4+ 20. Nf3 Qg3 21.
Qxc5+ Bd6 22. Qxa7 Rc8 23. Rxe6 Bc5 24. Re8+ Kxe8 25. Qa4+ Kf8 26. Qc2 Re8 27.
Bg5 f6 28. Bh4 Ne3+ 0-1

[Event "Autumn Cup"]
[Site "Wellington Chess Club"]
[Date "2022.05.26"]
[Round "2.2"]
[White "Tanoi, Edward"]
[Black "Chen, Wei Kai"]
[Result "1-0"]
[WhiteElo "2045"]
[BlackElo "1987"]

1. d4 f5 2. Bg5 g6 3. Nc3 Bg7 4. e3 Nf6 5. Bd3 d5 6. Nge2 O-O 7. h4 Nc6 8. h5
e5 9. hxg6 hxg6 10. dxe5 Nxe5 11. Nf4 c6 12. Qd2 Qd6 13. Bh6 Be6 14. O-O-O b5
15. Bxg7 Kxg7 16. Bxb5 cxb5 17. Nxb5 Qb6 18. Nc7 Bf7 {When I went in for this
combination  on move 15, I envisaged Nxa8 but now I thought I had a stronger
move.} 19. Qc3 $2 Rac8 $1 {It turns out I didn't. Now it's a struggle to save
the game.} 20. Ncxd5 Bxd5 $6 (20... Rxc3) 21. Qxe5 Qc6 22. c3 Rfe8 23. Qd4 Bf7
24. f3 Qc5 $4 25. Rh7+ $1 Kxh7 26. Qxf6 {Rh1 will be decisive.} 1-0

[Event "Autumn Cup"]
[Site "Wellington Chess Club"]
[Date "2022.05.26"]
[Round "2.3"]
[White "Benitez, Edgar"]
[Black "Forster, Bill"]
[Result "0-1"]
[WhiteElo "2001"]
[BlackElo "2034"]

1. d4 Nf6 2. c4 g6 3. Nf3 Bg7 4. Nc3 O-O 5. Bg5 c5 6. e3 d6 7. Be2 Nbd7 8. O-O
b6 9. d5 a6 10. Qd2 Qc7 11. Rfd1 Bb7 12. a4 h6 13. Bh4 Rfe8 14. h3 Nf8 15. Bg3
g5 16. e4 N6d7 17. Ra3 Ng6 18. Rda1 a5 19. Rd1 Rad8 20. Nb5 Qb8 21. Nc3 Rf8 22.
Bd3 f6 23. Bb1 Nde5 24. Qe2 Bc8 25. Nb5 Rf7 26. Nxe5 fxe5 27. Qh5 Nf4 28. Bxf4
Rxf4 29. Rg3 Rdf8 30. Rd2 Bd7 31. Nc3 R8f6 32. Qd1 Qf8 33. Qe1 Rg6 34. b3 h5
35. Re3 Bh6 36. Ne2 Rh4 37. Rf3 Qg7 38. Rdd3 g4 39. hxg4 hxg4 40. Rg3 Bf4 41.
Qc3 Qh6 42. f3 Rh1+ 43. Kf2 Bxg3+ 44. Nxg3 Rxb1 45. Qc2 Qc1 46. Qxc1 Rxc1 47.
Ne2 Rc2 48. Ke3 gxf3 49. gxf3 Bh3 50. Rd1 Rg2 0-1

[Event "Autumn Cup"]
[Site "Wellington Chess Club"]
[Date "2022.05.26"]
[Round "2.3"]
[White "Dive, Russell"]
[Black "Croad, Nicolas"]
[Result "0-1"]
[WhiteElo "2394"]
[BlackElo "2441"]

1. c4 e6 2. Nf3 d5 3. g3 Nf6 4. Bg2 d4 5. O-O c5 6. b4 cxb4 7. a3 Nc6 8. d3 a5
9. e3 Ra6 10. Bb2 dxe3 11. fxe3 Be7 12. d4 O-O 13. axb4 axb4 14. Nbd2 Qb6 15.
Qe2 Bd7 16. Kh1 Rfa8 17. Rab1 Ra2 18. e4 Rxb2 19. Rxb2 Nxd4 20. Nxd4 Qxd4 21.
Nf3 Qc5 22. e5 Ng4 23. Re1 Bc6 24. h3 Nh6 25. g4 Ra3 26. Kh2 g6 27. Nd2 Qd4 28.
Nb3 Qf4+ 29. Kh1 Qg3 30. Bxc6 Qxh3+ 31. Qh2 Rxb3 32. Qxh3 Rxh3+ 33. Kg2 Rc3 34.
Bf3 b6 35. Re4 Kg7 36. Kf2 Bc5+ 37. Ke2 Ng8 38. Rd2 b3 39. Rb2 Ba3 40. Rb1 b2
41. Rd4 Rc1 42. Be4 Ne7 43. Rd7 Nc6 44. Rb7 Rxb1 45. Bxb1 Bc5 46. Kd3 Nxe5+ 47.
Kc3 Nxg4 48. Kxb2 h5 49. Be4 Nf6 50. Bc6 g5 51. Ra7 g4 52. Kc3 h4 53. Ra1 h3
54. Rf1 Nh7 55. Kd3 Ng5 0-1

[Event "Autumn Cup"]
[Site "Wellington Chess Club"]
[Date "2022.05.26"]
[Round "2.3"]
[White "Langford, Josh"]
[Black "Lyall, Gordon"]
[Result "0-1"]
[WhiteElo "1969"]
[BlackElo "1977"]

1. e4 d6 2. d4 Nf6 3. Nc3 g6 4. Bg5 Bg7 5. e5 Nfd7 6. exd6 cxd6 7. Qd2 h6 8.
Be3 Nc6 9. h4 Nf6 10. f3 h5 11. Nh3 Bxh3 12. Rxh3 a6 13. Be2 Qa5 14. O-O-O Rc8
15. Kb1 b5 16. Bf2 b4 17. Ne4 Nd5 18. Bc4 Bh6 19. Qe1 O-O 20. g4 Nf4 21. Be3
Ng2 22. Qg3 Nxe3 23. gxh5 Qxh5 0-1

[Event "Autumn Cup"]
[Site "Wellington Chess Club"]
[Date "2022.05.26"]
[Round "2.3"]
[White "Mangera, Muhammad"]
[Black "Jones, Christopher"]
[Result "1-0"]
[WhiteElo "1367"]
[BlackElo "1531"]

1. e4 e5 2. Nf3 Nc6 3. Bc4 Bc5 4. Nc3 Nf6 5. d3 d6 6. Bg5 Be6 7. Bxe6 fxe6 8.
O-O Qd7 9. Na4 O-O-O 10. Nxc5 dxc5 11. a4 h6 12. Be3 Nd4 13. Bxd4 cxd4 14. Nxe5
Qd6 15. Nf7 Qf4 16. Nxd8 Kxd8 17. Qf3 Qh4 18. Qg3 Qxg3 19. hxg3 Ng4 20. c3 e5
21. f4 Ne3 22. Rf3 c5 23. Rxe3 dxe3 24. fxe5 Rf8 25. Rf1 Re8 26. Rf7 Re7 27.
Rxe7 Kxe7 28. d4 a5 29. Kf1 g5 30. Ke2 Ke6 31. Kxe3 h5 32. Kf3 b6 33. g4 h4 34.
Ke3 Kd7 35. Kd3 Kc7 36. Kc4 Kc6 37. b3 cxd4 38. cxd4 h3 39. gxh3 1-0

[Event "Autumn Cup"]
[Site "Wellington Chess Club"]
[Date "2022.05.26"]
[Round "2.3"]
[White "Winsley, Nicholas"]
[Black "Perrin, Brent"]
[Result "0-1"]
[WhiteElo "1882"]
[BlackElo "1887"]

1. e4 e6 2. d4 d5 3. Nc3 Bb4 4. e5 c5 5. a3 cxd4 6. axb4 dxc3 7. Qg4 Ne7 8.
Qxg7 Rg8 9. Qxh7 Qc7 10. Nf3 Nbc6 11. Bb5 Bd7 12. Bxc6 Bxc6 13. O-O d4 14. Ng5
Qxe5 15. Qxf7+ Kd7 16. b5 Bxb5 17. Bf4 Qf5 18. Qxf5 Nxf5 19. Rfe1 cxb2 20. Rab1
Bc6 21. g3 Bd5 22. Rxb2 a5 23. Nxe6 a4 24. Nc7 a3 25. Nxa8 axb2 26. Nb6+ Kc6
27. Nxd5 Ra8 28. Nb4+ Kb5 29. Nd3 Ra1 30. Nxb2 Rxe1+ 31. Kg2 Re2 32. Nd3 Rxc2
33. h4 Kc4 34. Ne1 Re2 35. Nf3 d3 36. h5 Kd5 37. g4 Ne7 38. g5 Ke4 39. Bd6 Nf5
40. g6 d2 41. Nxd2+ Rxd2 42. Bf8 Rd8 43. g7 Nh6 44. Kg3 Rc8 45. Be7 Nf5+ 0-1

[Event "Autumn Cup"]
[Site "Wellington Chess Club"]
[Date "2022.05.26"]
[Round "2.4"]
[White "Webster, Jamie"]
[Black "Lavender, Ariel"]
[Result "1/2-1/2"]
[WhiteElo "1761"]
[BlackElo "1335"]

1. e4 c5 2. Nf3 d6 3. d4 cxd4 4. Nxd4 Nf6 5. Nc3 a6 6. Bc4 e5 7. Nf3 Be6 8. Bb3
Be7 9. O-O Nbd7 10. Bg5 b5 11. Bxf6 Nxf6 12. Re1 O-O 13. Qd3 b4 14. Nd5 Bxd5
15. Bxd5 Nxd5 16. Qxd5 Qb6 17. Nd2 Rac8 18. Nc4 Qc6 19. Ne3 Bg5 20. Nf5 Qxd5
21. exd5 Rxc2 22. Nxd6 Rd8 23. Ne4 Bd2 24. Nxd2 Rxd2 25. Rxe5 R2xd5 26. Rxd5
Rxd5 1/2-1/2

[Event "Autumn Cup"]
[Site "Wellington Chess Club"]
[Date "2022.05.26"]
[Round "2.5"]
[White "Manoharan, Sivaram"]
[Black "Paino, Roberto"]
[Result "*"]
[WhiteElo "1500"]
[BlackElo "1100"]

1. e4 e5 2. Nf3 Nc6 3. Bb5 Nge7 4. c3 a6 5. Ba4 b5 6. Bc2 Bb7 7. d4 exd4 8.
cxd4 Ng6 9. O-O Be7 10. Re1 O-O 11. Nbd2 d6 12. Nf1 Bf6 13. Ng3 Nh4 14. Nxh4
Bxh4 15. Nf5 Bf6 16. d5 Ne5 17. Rb1 Ng6 18. b3 Ne7 19. Ng3 Ng6 20. Nh5 Ne5 21.
Nxf6+ Qxf6 22. Bb2 Qf4 23. a3 Qg5 24. Re3 Qe7 25. Rg3 Bc8 26. f4 Qh4 {Can't
work out the rest. White won in 49 moves} *

[Event "Autumn Cup"]
[Site "Wellington Chess Club"]
[Date "2022.05.26"]
[Round "2.6"]
[White "McConnell, Jack"]
[Black "Shepherd, Blake"]
[Result "0-1"]
[WhiteElo "1100"]
[BlackElo "1300"]

1. b3 d5 2. Bb2 Nf6 3. Nf3 c5 4. e3 Nc6 5. Bb5 Bg4 6. h3 Bh5 7. O-O Qc7 8. d3
a6 9. Bxc6+ Qxc6 10. Nbd2 Rd8 11. Qe1 e6 12. Ne5 Qc7 13. f4 Bd6 14. g4 Bg6 15.
Ndf3 h6 16. Bc3 d4 17. Bb2 Nd5 18. Nc4 b5 19. Nxd6+ Rxd6 20. exd4 Nxf4 21. dxc5
Qxc5+ 22. Kh1 O-O 23. a4 Qxc2 24. Rf2 Qxd3 25. Ba3 Nxh3 26. Rf1 Be4 27. Qg3 Ng5
28. Bxd6 Nxf3 29. Rxf3 Bxf3+ 30. Kg1 Rd8 31. Bf4 Qd4+ 32. Kh2 Qxa1 33. Qxf3
bxa4 34. g5 hxg5 35. Bxg5 Qe5+ 36. Bf4 Qb2+ 0-1

[Event "Autumn Cup"]
[Site "Wellington Chess Club"]
[Date "2022.05.26"]
[Round "2.7"]
[White "Miller, Jackson"]
[Black "Farrington, Lawrence"]
[Result "1-0"]
[WhiteElo "1312"]
[BlackElo "1600"]

1. e4 e6 2. d4 d5 { A normal opening. You love to see it. } 3. Nd2 Nf6 4. e5
Nfd7 5. f4 c5 6. c3 Nc6 7. Ngf3 Qb6 8. Nb3 cxd4 9. cxd4 Be7 10. Be2 f6 { This
is where my opening knowledge ends (Though I did ask myself whether 9. Nxd4 was
an option) essentially. I was hoping (expecting?) 10... 0-0, which would allow
me to castle. after 10... f6 I don't get to castle for a long time. (I was
convince that castling loses a central pawn, I will be interested to know if
the computer can wrest it back, but I am a noob in this position) I spent a
chunk of time here (probably down 10 mins on the clock). Ended up with a plan
that is likely objectively dubious. I was struggling to come up with anything
good, and wondered whether I was worse already. } 11. Bd2 O-O { Maybe black can
take on e5 already? } 12. Bc3 a5 13. a4 fxe5 14. fxe5 Bb4 15. Bb5 { Another big
chunk of time. Now down twenty minutesish on the clock. Because what are the
plans for white here. Probably I have missed something obvious and the computer
will slap me across the face with it later. } 15... Na7 { This seems bad. Maybe
it isn't. But this was the first point where I suddenly felt good about the
position and wasnt constantly thinking about how to avoid losing a central
pawn. } 16. Bxd7 Bxd7 17. O-O { Castles! At this point I feel like I have
survived the opening. My opponent has let me breathe. } 17... Nc6 18. Bxb4 Nxb4
{ I wondered whether Qxb4 is better. Still unsure. } 19. Nc5 Bc8 20. Ng5 { Now
I feel actually good about the position. Black has opportunities to go wrong,
at least. } 20... h6 { I was pleased to see this. I don't think it helps black.
} 21. Rxf8+ Kxf8 22. Qf3+ Ke8 (22... Kg8 23. Qf7+ Kh8 24. Qf8# { This would
have been neat. } ) 23. Qf7+ Kd8 24. Ngxe6+ Bxe6 25. Nxe6+ Qxe6 26. Qxe6 { I
hadn't looked further than this, but I knew from a few moves ago that there
didn't seem to be any alternative. I am definitely capable of blundering
something stupid here. Had to remind myself not to get too excited. } 26... Kc7
27. Qd6+ Kc8 28. Rf1 b6 29. Rf8+ Kb7 30. Qd7+ { Black resigned here because of
30... Ka6 31. Rxa8 Checkmate. This is perhaps my first classical time control
win?! } 1-0

[Event "Autumn Cup"]
[Site "Wellington Chess Club"]
[Date "2022.05.26"]
[Round "2.8"]
[White "Mavaram, Eashan"]
[Black "Qu, Lucas"]
[Result "1-0"]
[WhiteElo "1217"]
[BlackElo "1289"]

1. e4 e5 2. Nf3 Nc6 3. Bc4 Nf6 4. d3 Bc5 5. Bg5 d6 6. h3 Na5 7. Bb3 h6 8. Bh4
b5 9. Bd5 c6 10. Bb3 a6 11. c3 Bb7 12. Bc2 b4 13. O-O g5 14. Bg3 Qc7 15. cxb4
Bxb4 16. a3 Bc5 17. b4 Ba7 18. bxa5 Nh5 19. Bh2 Nf4 20. Bxf4 gxf4 21. Nh4 Rg8
22. Nf5 Rg6 23. Qh5 O-O-O 24. Nxh6 Rh8 25. Qf5+ Kb8 26. Qxf7 Rhxh6 27. Qxc7+
Kxc7 28. Nd2 Rxh3 29. Bd1 Rxd3 30. Nf3 Bc8 31. Kh2 Kd8 32. Be2 Rc3 33. Rad1
Rxa3 34. Nxe5 Rh6+ 35. Kg1 Kc7 36. Nd3 Rxa5 37. Nxf4 Rf6 38. g3 Rg5 39. Kh2
Rh6+ 40. Kg2 Kd8 41. Rh1 Rf6 42. Nd3 a5 43. Rh8+ Kc7 44. Rh7+ Bd7 45. f4 Rg8
46. e5 dxe5 47. Nxe5 Rd8 48. Nxd7 Rd6 49. Nc5+ Kb8 50. Na6+ Ka8 51. Rb1 Rd2 52.
Nc7# 1-0

[Event "Autumn Cup"]
[Site "Wellington Chess Club"]
[Date "2022.05.26"]
[Round "2.9"]
[White "Hupert, Leo"]
[Black "Turner, Giles"]
[Result "1-0"]
[WhiteElo "1277"]
[BlackElo "1265"]

1. e4 c6 2. d4 d5 3. e5 Bf5 4. Bd3 Bxd3 5. Qxd3 e6 6. Nf3 h6 7. O-O c5 8. dxc5
Bxc5 9. Qb5+ Nc6 $4 (9... Nd7) 10. Qxc5 Nge7 11. Nc3 b6 12. Qd6 O-O 13. Nb5 Rc8
14. Qxd8 Rfxd8 15. Nd6 Rc7 16. g4 g5 17. c3 Ng6 18. Nb5 Rcd7 19. Re1 d4 20. h4
Kg7 21. hxg5 hxg5 22. Bxg5 Rh8 23. Bf6+ Kg8 24. Bxh8 Kxh8 25. Nd6 Rd8 26. Nxf7+
Kg7 27. Nxd8 Nxd8 28. cxd4 1-0

[Event "Autumn Cup"]
[Site "Wellington Chess Club"]
[Date "2022.06.02"]
[Round "3.1"]
[White "Cooke, Xandi"]
[Black "Mangera, Muhammad"]
[Result "0-1"]
[WhiteElo "1433"]
[BlackElo "1367"]

1. d4 d5 2. c4 e6 3. Nc3 Nf6 4. Bg5 Be7 5. cxd5 exd5 6. e3 Nc6 7. Bb5 Bd7 8.
Bxf6 Bxf6 9. Nxd5 O-O 10. Nxf6+ Qxf6 11. Qe2 Rfe8 12. d5 Nd4 13. Qd2 Bxb5 14.
Rc1 c6 15. a4 Bxa4 16. Rc4 Nb3 17. Qc2 Nc5 18. Qb1 b6 19. dxc6 Bxc6 20. Rf4
Qxf4 21. Nh3 Qb4+ 22. Kf1 Be4 23. Qc1 Bd3+ 24. Kg1 Qc4 25. Qa1 Nb3 26. Qe1 Rac8
0-1

[Event "Autumn Cup"]
[Site "Wellington Chess Club"]
[Date "2022.06.02"]
[Round "3.1"]
[White "Croad, Nicolas"]
[Black "Cilia Vincenti, David"]
[Result "1/2-1/2"]
[WhiteElo "2441"]
[BlackElo "2194"]

1. e4 c6 2. d3 d5 3. Nd2 e5 4. Ngf3 Bd6 5. g3 Nf6 6. Bg2 O-O 7. O-O Nbd7 8.
exd5 cxd5 9. Re1 Re8 10. c4 dxc4 11. Nxc4 Bb4 12. Bd2 Bxd2 13. Qxd2 e4 14. Ng5
Nc5 15. Nxe4 Nfxe4 16. dxe4 Qxd2 17. Nxd2 Nd3 18. Re3 Nxb2 19. e5 Rd8 20. Nb3
Nc4 21. Re4 Be6 22. Rd4 Nxe5 23. Bxb7 Rab8 24. Rad1 Rxd4 25. Rxd4 g5 26. Nc5
Bxa2 27. Ra4 Bb1 28. Rxa7 g4 29. f4 gxf3 30. Kf2 Bf5 31. Ra8 Rxa8 32. Bxa8 Ng4+
33. Kxf3 Nxh2+ 34. Kf4 Bc8 35. Bg2 Kg7 36. Nb3 f6 1/2-1/2

[Event "Autumn Cup"]
[Site "Wellington Chess Club"]
[Date "2022.06.02"]
[Round "3.1"]
[White "Forster, Bill"]
[Black "Van der Hoorn, Thomas"]
[Result "1-0"]
[WhiteElo "2034"]
[BlackElo "1999"]

1. c4 Nf6 2. Nc3 e6 3. e4 Bb4 4. e5 Ng8 5. Qg4 Kf8 6. d4 Nh6 7. Bxh6 gxh6 8.
Nf3 Rg8 9. Qh5 Kg7 10. Bd3 c5 11. O-O Bxc3 12. bxc3 d6 13. Rad1 cxd4 14. cxd4
d5 15. Rfe1 Nc6 16. Re3 Ne7 17. Ne1 Ng6 18. Rg3 dxc4 19. Bxc4 Qe7 20. Nf3 Kh8
21. Qxh6 Qf8 22. Qg5 Qg7 23. Nd2 b5 24. Bxb5 Bb7 25. Nc4 Bd5 26. a3 Bxc4 27.
Bxc4 Rac8 28. Bd3 h6 29. Rh3 Kh7 30. Qe7 Kh8 31. Bxg6 Qxg6 32. Rg3 Qf5 33. Qxa7
Rc2 34. Rxg8+ Kxg8 35. Qa8+ Kg7 36. Qf3 Qg5 37. Qf6+ Qxf6 38. exf6+ Kxf6 39.
Ra1 Ke7 40. a4 Kd7 41. g3 Rc4 42. a5 Kc7 43. Kg2 Rxd4 44. Ra2 Kb7 45. a6+ Ka7
46. Kf3 f6 47. Ke3 Rb4 48. h4 Rb6 49. Kf3 Rb4 50. Re2 Rb6 51. Kg4 Kxa6 52. Kh5
Kb7 53. Rc2 Rb5+ 54. Kxh6 Rf5 55. Kg6 Kb6 56. f4 Ra5 57. Rc3 Ra8 58. Kxf6 Rg8
59. h5 Rf8+ 60. Kg7 Rf5 61. h6 e5 62. Kg6 Rf8 63. fxe5 Rg8+ 64. Kf7 Rg5 65. e6
Rf5+ 66. Kg6 Re5 67. h7 Rxe6+ 68. Kf7 Rh6 69. Kg7 1-0

[Event "Autumn Cup"]
[Site "Wellington Chess Club"]
[Date "2022.06.02"]
[Round "3.1"]
[White "Lawrence, Hugo"]
[Black "Brockway, Andrew"]
[Result "1-0"]
[WhiteElo "1767"]
[BlackElo "1723"]

1. e4 c5 2. d4 cxd4 3. c3 g6 4. cxd4 d5 5. Bb5+ Bd7 6. Bxd7+ Qxd7 7. e5 Bg7 8.
Ne2 e6 9. Bg5 Ne7 10. Nbc3 O-O 11. O-O Nbc6 12. Qd2 f6 13. exf6 Bxf6 14. Bxf6
Rxf6 15. h4 Nf5 16. h5 gxh5 17. Ng3 Nxg3 18. fxg3 Raf8 19. Rf4 Qg7 20. Ne2 Ne7
21. Raf1 Nf5 22. Qd3 Rg6 (22... Nxg3 23. Rxf6 Nxe2+ 24. Qxe2 Rxf6) 23. a4 Rgf6
24. Qf3 Rh6 (24... Nxd4 25. Nxd4 Rxf4 26. gxf4 Qxd4+) 25. g4 hxg4 26. Rxg4 Rg6
27. Rf4 Rf7 (27... Kh8) 28. Rf2 Rg5 29. Kf1 Nd6 30. Rxf7 Nxf7 31. Qe3 Qg6 32.
Kg1 Nd6 { (?) } 33. Qf4 Nf7 34. Qb8+ Kg7 35. Qxb7 Qb1+ 36. Rf1 Qg6 37. Nf4 Qe4
38. Qe7 Qxd4+ 39. Kh1 Rh5+ 40. Nxh5+ Kh6 41. Qxf7 Qh4+ 42. Kg1 Qd4+ 43. Qf2
Qxf2+ 44. Rxf2 Kxh5 45. Rf6 1-0

[Event "Autumn Cup"]
[Site "Wellington Chess Club"]
[Date "2022.06.02"]
[Round "3.1"]
[White "Lyall, Gordon"]
[Black "Zaslow, Henry"]
[Result "1/2-1/2"]
[WhiteElo "1977"]
[BlackElo "1938"]

1. d4 d5 2. c4 c6 3. Nf3 Nf6 4. g3 dxc4 5. Bg2 b5 6. Ne5 Bb7 7. a4 Nd5 8. O-O
e6 9. b3 cxb3 10. Qxb3 a6 11. Nc3 Nxc3 12. Qxc3 Qc7 13. Bb2 b4 14. Qc2 Bd6 15.
Nd3 a5 16. e4 O-O 17. e5 Be7 18. Nf4 Na6 19. Be4 h6 20. Qe2 Rfd8 21. Rac1 Bg5
22. Nh5 g6 23. f4 Be7 24. Qg4 Kh7 25. f5 exf5 26. Rxf5 Bg5 27. Rcf1 Rf8 28.
Nf6+ Kg7 29. R5f3 $4 (29. Rxg5 hxg5 30. Qxg5 Rh8 (30... Bc8 31. Nh5+ Kh7 32.
Rf4 f5 33. Rh4 Rh8 34. Nf6+ Kg7 35. Ne8+) 31. e6 Qe7 32. Bxg6 fxg6 33. Nh5+
Rxh5 34. Qxe7+ Kh6 35. Rf7 Rh8 36. Bc1+ g5 37. Qf6#) 29... Bc8 30. Bf5 Bxf5 31.
Rxf5 gxf5 32. Rxf5 Rh8 33. h4 Rad8 34. hxg5 hxg5 35. d5 cxd5 36. e6 Qc5+ 37.
Bd4 $4 (37. Rf2) 37... Qc1+ 38. Rf1 Rh1+ $1 39. Kxh1 Qxf1+ 40. Kh2 Kg6 $4 (
40... Rh8+ 41. Nh7+ f6 42. Qxg5+ Kxh7 $10) 41. Qh5+ Kf5 42. Qg4+ Kg6 43. Qh5+
Kf5 { Draw agreed!} 1/2-1/2

[Event "Autumn Cup"]
[Site "Wellington Chess Club"]
[Date "2022.06.02"]
[Round "3.1"]
[White "Perrin, Brent"]
[Black "Young, Cohen"]
[Result "1/2-1/2"]
[WhiteElo "1887"]
[BlackElo "1860"]

1. d4 Nf6 2. g3 d5 3. Nf3 e6 4. c4 Be7 5. Bg2 O-O 6. O-O dxc4 7. Ne5 Nc6 8.
Nxc6 bxc6 9. Bxc6 Rb8 10. Bg2 c5 11. dxc5 Bxc5 12. Qc2 Ba6 13. Nd2 Qc7 14. Ne4
Nxe4 15. Bxe4 f5 16. Bg2 e5 17. Bd2 f4 18. gxf4 exf4 19. Bc3 Qe7 20. Qe4 Qxe4
21. Bxe4 Bb7 22. Bxb7 Rxb7 23. Rfd1 Re8 24. Kf1 Rbe7 25. Rd2 f3 26. e3 Re6 27.
Rd5 Bd6 28. Rf5 Rf8 29. Rg5 g6 30. Rd1 Bxh2 31. Ra5 a6 32. Rd7 Rf7 33. Rd8+ Rf8
34. Rd7 Rf7 35. Rd8+ 1/2-1/2

[Event "Autumn Cup"]
[Site "Wellington Chess Club"]
[Date "2022.06.02"]
[Round "3.2"]
[White "Chen, Wei Kai"]
[Black "Benitez, Edgar"]
[Result "0-1"]
[WhiteElo "1987"]
[BlackElo "2001"]

1. e4 d6 2. d4 c6 3. Nc3 g6 4. Bc4 Bg7 5. Qf3 e6 6. Nge2 Ne7 7. Bg5 Nd7 8. O-O
O-O 9. Rad1 d5 10. Bb3 h6 11. Bh4 g5 12. Bg3 f5 13. exd5 exd5 14. Bd6 Nf6 15.
Ba3 Re8 16. Ng3 g4 17. Qd3 f4 18. Nge4 Nf5 19. Nxf6+ Qxf6 20. Ne2 Nh4 21. Ng3
fxg3 22. fxg3 Nf5 23. c3 Qg5 24. Rf4 Ne3 25. Re1 Bf5 26. Qd2 Nc4 27. Qf2 Bg6
28. Rf1 Nxa3 29. bxa3 b5 30. Bd1 h5 31. Bc2 Re6 32. Rf7 Bxc2 33. Qxc2 Qe3+ 34.
Kh1 Qe4 35. Qf2 Qg6 36. Qf4 Rae8 37. h4 gxh3 38. gxh3 Re1 0-1

[Event "Autumn Cup"]
[Site "Wellington Chess Club"]
[Date "2022.06.02"]
[Round "3.2"]
[White "Lavender, Ariel"]
[Black "Manoharan, Sivaram"]
[Result "0-1"]
[WhiteElo "1335"]
[BlackElo "1500"]

1. d4 Nf6 2. Nf3 e6 3. c4 Bb4+ 4. Bd2 Bxd2+ 5. Nbxd2 c5 6. e4 cxd4 7. Nxd4 d6
8. Qc2 a6 9. Bd3 Nbd7 10. O-O Nc5 11. Be2 Qc7 12. f4 b6 13. b4 Ncd7 14. N2f3
Bb7 15. Bd3 O-O 16. Rad1 e5 17. Ne2 Ng4 18. h3 Ne3 19. Qd2 Nxf1 20. Rxf1 Rae8
21. f5 Nf6 22. Qe3 a5 23. b5 Qc5 24. Qxc5 dxc5 25. g4 Nxe4 26. g5 Nd6 27. Nh4
e4 28. Bb1 Nxc4 29. Nf4 Nd2 30. Rd1 Nxb1 31. Rd6 e3 32. Nh5 e2 0-1

[Event "Autumn Cup"]
[Site "Wellington Chess Club"]
[Date "2022.06.02"]
[Round "3.2"]
[White "Malcolm, Leo"]
[Black "Winsley, Nicholas"]
[Result "0-1"]
[WhiteElo "1800"]
[BlackElo "1882"]

1. e4 c6 2. Bc4 d5 3. Bb3 dxe4 4. Qh5 g6 5. Qh4 Nf6 6. Nc3 Bf5 7. f3 exf3 8.
Nxf3 Bg7 9. O-O O-O 10. d4 Nd5 11. Ng5 h6 12. Nf3 e6 13. Bg5 f6 14. Bxh6 g5 15.
Bxg5 fxg5 16. Nxg5 Qf6 17. Nce4 Qh6 18. Qg3 Nd7 19. c4 Bxd4+ 20. Kh1 Be5 21.
Nf7+ Kxf7 22. Nd6+ Ke7 23. Nxf5+ Rxf5 24. Qh3 Rh5 25. Rf3 Rxh3 26. Rxh3 Qg6 27.
cxd5 Rh8 28. d6+ Bxd6 29. Rh7+ Qxh7 30. h3 Qe4 31. Bd5 cxd5 32. Rg1 Qf4 ( {Not}
32... Rxh3# {?} ) 0-1

[Event "Autumn Cup"]
[Site "Wellington Chess Club"]
[Date "2022.06.02"]
[Round "3.2"]
[White "Scott, Callum"]
[Black "Enegbuma, Wallace"]
[Result "0-1"]
[WhiteElo "1673"]
[BlackElo "1765"]

1. e4 c5 2. Nf3 Nc6 3. d4 cxd4 4. Nxd4 e6 5. Be2 Qb6 6. Nb3 Nf6 7. Be3 Qc7 8.
Nc3 Bb4 9. Bf3 Bxc3+ 10. bxc3 O-O 11. O-O b6 12. Nd4 Bb7 13. Nb5 Qe5 14. Nd6
Ba6 15. Re1 Qxc3 16. e5 Qxe5 17. Bxc6 dxc6 18. Bxb6 Qd5 19. Ne4 Nxe4 20. Qf3
Nf6 21. Rad1 Qxf3 0-1

[Event "Autumn Cup"]
[Site "Wellington Chess Club"]
[Date "2022.06.02"]
[Round "3.2"]
[White "Wilkins, Mark"]
[Black "Langford, Josh"]
[Result "0-1"]
[WhiteElo "1933"]
[BlackElo "1969"]

1. d4 Nf6 2. Bg5 Ne4 3. Bf4 c5 4. d5 Qb6 5. Qc1 d6 6. f3 g5 7. Be3 Bg7 8. c3
Nf6 9. Qd2 Nxd5 10. Bf2 Nc6 11. e4 Nf4 12. Na3 Ne5 13. Rb1 Be6 14. b4 a6 15. g3
Nh3 16. Be3 Nxg1 0-1

[Event "Autumn Cup"]
[Site "Wellington Chess Club"]
[Date "2022.06.02"]
[Round "3.2"]
[White "Winter, Ryan"]
[Black "Dive, Russell"]
[Result "0-1"]
[WhiteElo "2173"]
[BlackElo "2394"]

1. e4 d5 2. exd5 Nf6 3. d4 Nxd5 4. Nf3 Bg4 5. h3 Bh5 6. c4 Nf6 7. Nc3 e6 8. g4
Bg6 9. Qb3 Nc6 10. Be3 Nb4 11. Rc1 Be7 12. Ne5 O-O 13. a3 Nc6 14. Nxc6 bxc6 15.
Bg2 Rb8 16. Qa2 c5 17. dxc5 Nd7 18. O-O Bxc5 19. Bxc5 Nxc5 20. b4 Nd3 21. Rcd1
Qf6 22. Ne2 e5 23. Qb3 Rbd8 24. Qc3 h5 25. Ng3 hxg4 26. hxg4 Qg5 27. Bf3 Rd4
28. Qd2 Nf4 29. Qe3 Rfd8 30. Bd5 c6 31. Bf3 Rd3 32. Ne4 Qh4 33. g5 Bxe4 0-1

[Event "Autumn Cup"]
[Site "Wellington Chess Club"]
[Date "2022.06.02"]
[Round "3.3"]
[White "Carlyle, Mathieson"]
[Black "Aldridge, Alan"]
[Result "0-1"]
[WhiteElo "1586"]
[BlackElo "1777"]

1. e4 e5 2. Nf3 Nc6 3. Bc4 Bc5 4. O-O Nf6 5. Re1 O-O 6. c3 d6 7. h3 Bb6 8. d4
h6 9. d5 Ne7 10. Bd3 Ng6 11. Be3 Bd7 12. c4 Bxe3 13. fxe3 a5 14. Nc3 Nh7 15.
Kh2 Nh4 16. Rf1 Nxf3+ 17. Rxf3 Ng5 18. Rg3 f5 19. exf5 Bxf5 20. Bxf5 Rxf5 21.
e4 Rf4 22. Qh5 Qf6 23. Re1 Rf8 24. Rge3 Rh4 25. Qd1 Qf4+ 26. Rg3 Qf2 27. Re2
Qc5 28. Qe1 Rhf4 29. Rge3 Rf1 30. Qg3 R8f4 31. b3 Nxe4 32. Qg6 Nf6 33. Na4 Qd4
34. c5 Rg4 35. Qd3 Qf4+ 36. Rg3 Rxg3 37. Qxg3 Rh1+ 0-1

[Event "Autumn Cup"]
[Site "Wellington Chess Club"]
[Date "2022.06.02"]
[Round "3.3"]
[White "Jackson, Ross"]
[Black "Archer, Ollie"]
[Result "0-1"]
[WhiteElo "1923"]
[BlackElo "1981"]

1. d4 d5 2. c4 e6 3. Nc3 c6 4. e4 dxe4 5. Nxe4 Bb4+ 6. Nc3 c5 7. Be3 Nf6 8. a3
Bxc3+ 9. bxc3 Qa5 10. Qc2 cxd4 11. Bxd4 e5 12. Be3 O-O 13. Bd2 e4 14. h3 Bf5
15. Be3 Nbd7 16. Ne2 Ne5 17. Nd4 Nd3+ 18. Bxd3 exd3 19. Qb2 Be4 20. O-O Rac8
21. Nb3 Qa4 22. Nd2 b6 23. Qb4 Qc6 24. f3 Bf5 25. Rac1 Be6 26. Rfd1 Nd7 27. Qb5
Rfe8 28. Bd4 Qd6 29. Qb1 Bxh3 30. Qxd3 Nc5 31. Qf1 Bf5 32. Ne4 Bxe4 33. fxe4
Qe6 34. Bxc5 Rxc5 35. Rd4 Re5 36. Re1 Qc6 37. Qf4 Qc5 38. Rf1 f6 39. Qg3 Rxe4
40. Rxf6 Rxd4 41. cxd4 Qxd4+ 42. Rf2 Rf8 43. a4 Rxf2 44. Qxf2 Qxf2+ 45. Kxf2
Kf7 46. Ke3 Ke6 47. Ke4 g5 48. g4 a5 49. Kd4 Kd6 50. Ke4 Kc5 51. Kf5 Kxc4 52.
Kxg5 b5 53. axb5 Kxb5 54. Kh6 a4 55. Kxh7 a3 56. g5 a2 57. g6 a1=Q 58. g7 Qh1+
59. Kg6 Qe4+ 60. Kh6 Qg4 61. Kh7 Qh5+ 62. Kg8 Kc6 63. Kf8 Qf5+ 64. Ke8 Kd6 65.
g8=N Qg6+ 66. Kf8 Ke6 0-1